00522nam a2200181Ia 4500008004100000020001500041082001100056100001800067245004300085250000800128260002900136300001300165500002400178650001200202942000700214952010200221999001700323230524s9999 xx 000 0 und d a8188429112 a4bVAR aPVN Varalaxmi 0aVisual Basic Programming for Begineers a1ST aNEW DELHIbScitechc2003 aVIII;106 aQuantity Number: 1 aComp-Sc cBK 00104070aTATCLbTATCLcGENd2023-05-24l0o004 VARp2017r2023-05-24w2023-05-24yBKzPCEC4201 c26194d26194